书目信息 |
| 题名: |
食物中有害物质
|
|
| 作者: | 高鹤娟 编写 | |
| 分册: | ||
| 出版信息: | 北京 化学工业出版社 2000.05 |
|
| 页数: | 87页 | |
| 开本: | 32开 | |
| 丛书名: | ||
| 单 册: | ||
| 中图分类: | TS201.6 | |
| 科图分类: | ||
| 主题词: | 食品工业 | |
| 电子资源: | ||
| ISBN: | 7-5025-2795-8 | |
| 000 | 00558nam0 2200193 45 | |
| 001 | 0010081652 | |
| 005 | 20001008161956.9 | |
| 010 | @a7-5025-2795-8@d6.50元 | |
| 100 | @a20001008d2000 km y0chiy0120 ea | |
| 101 | 0 | @achi |
| 105 | @a z 000yy | |
| 200 | 1 | @a食物中有害物质@AShi Wu Zhong You Hai Wu Zhi@f高鹤娟等编写@FGao He Juan Deng Bian Xie |
| 210 | @a北京@c化学工业出版社@d2000.05 | |
| 215 | @a87页@d32开 | |
| 606 | 0 | @a食品工业 |
| 690 | @aTS201.6@v3 | |
| 701 | 0 | @a高鹤娟@4编写 |
| 801 | @aCN@bPftUser@c20001008 | |
| 905 | @b173062-071@dTS201.6@eG346@f10 | |
| 食物中有害物质/高鹤娟等编写.-北京:化学工业出版社,2000.05 |
| 87页;32开 |
| ISBN 7-5025-2795-8:6.50元 |
| ● |
| 相关链接 |
|
|
|
正题名:食物中有害物质
索取号:TS201.6/G346
 
预约/预借
| 序号 | 登录号 | 条形码 | 馆藏地/架位号 | 状态 | 备注 |
| 1 | 173062 | 201730626 | 自科二线504/504自科库 30排4列2层/ [索取号:TS201.6/G346] | 在馆 | |
| 2 | 173063 | 201730635 | 自科库501/504自科库 44排4列6层/ [索取号:TS201.6/G346] | 在馆 | |
| 3 | 173064 | 201730644 | 自科二线504/504自科库 30排4列2层/ [索取号:TS201.6/G346] | 在馆 | |
| 4 | 173065 | 201730653 | 自科二线504/504自科库 44排4列6层/ [索取号:TS201.6/G346] | 在馆 | |
| 5 | 173066 | 201730662 | 自科二线504/504自科库 44排3列2层/ [索取号:TS201.6/G346] | 在馆 | |
| 6 | 173067 | 201730671 | 自科二线504/504自科库 30排4列2层/ [索取号:TS201.6/G346] | 在馆 | |
| 7 | 173068 | 201730680 | 自科二线504/504自科库 44排3列2层/ [索取号:TS201.6/G346] | 在馆 | |
| 8 | 173069 | 201730699 | 自科二线504/504自科库 30排4列2层/ [索取号:TS201.6/G346] | 在馆 | |
| 9 | 173070 | 201730706 | 自科二线504/504自科库 30排4列2层/ [索取号:TS201.6/G346] | 在馆 | |
| 10 | 173071 | 201730715 | 自科二线504/110考试书库 3排2列1层/ [索取号:TS201.6/G346] | 在馆 |